Το 'Παιχνίδι' Κρίνεται στην Εμπιστοσύνη του Πελάτη (Record no. 9388)
[ view plain ]
| 000 -LEADER | |
|---|---|
| fixed length control field | 01151cam a22001934a 4500 |
| 005 - ΗΜΕΡΟΜΗΝΙΑ ΚΑΙ ΩΡΑ ΤΕΛΕΥΤΑΙΑΣ ΕΝΗΜΕΡΩΣΗΣ | |
| Πεδίο ελέγχου | 20250605164359.0 |
| 008 - FIXED-LENGTH DATA ELEMENTS--GENERAL INFORMATION | |
| Πεδίο ελέγχου σταθερού μήκους | 250528s ||||||||||||||||||||||||d |
| 035 ## - SYSTEM CONTROL NUMBER | |
| System control number | 24511 |
| 040 ## - ΠΗΓΗ ΚΑΤΑΛΟΓΟΓΡΑΦΗΣΗΣ | |
| Φορέας πρωτότυπης καταλογογράφησης | MC Athens Campus Library |
| Γλώσσα καταλογογράφησης | Ελληνικά, Μοντέρνα (1453-) |
| Modifying agency | MC Athens Campus Library |
| Κανόνες περιγραφικής καταλογογράφησης | AACR2 |
| 245 1# - ΤΙΤΛΟΣ ΚΑΙ ΔΗΛΩΣΗ ΥΠΕΥΘΥΝΟΤΗΤΑΣ | |
| Τίτλος | Το 'Παιχνίδι' Κρίνεται στην Εμπιστοσύνη του Πελάτη |
| 260 ## - PUBLICATION, DISTRIBUTION, ETC. | |
| Date of publication, distribution, etc. | 2014 |
| 300 ## - PHYSICAL DESCRIPTION | |
| Extent | 34 |
| 520 ## - SUMMARY, ETC. | |
| Summary, etc. | Στο Lurzen's Archive και για την Καμπάνια του Εύρηκα, Πώς θα Επανεφεύρουμε το Stakeholder Engagement, Συναισθηματική Νοημοσύνη και Μετρήσιμα Αποτελέσματα, Συναισθηματική Νοημοσύνη και Μετρήσιμα Αποτελέσματατα, Στροφή στο Sampling και το 'Οικονομικό Digital', Ανέλαβε Αντιπρόσωπος της DigitalMR στην Ελλάδα, Action 24: Το Μήνυμα δεν είναι Μέσο Εκπέμπεται από τον Άνθρωπο. |
| 700 1# - ΠΡΟΣΘΕΤΗ ΑΝΑΓΡΑΦΗ--ΦΥΣΙΚΟ ΠΡΟΣΩΠΟ | |
| Personal name | Κορδελάς Δημήτρης |
| 9 (RLIN) | 9464 |
| 710 2# - ΠΡΟΣΘΕΤΗ ΑΝΑΓΡΑΦΗ--ΣΥΛΛΟΓΙΚΟ ΟΡΓΑΝΟ | |
| Corporate name or jurisdiction name as entry element | The Marketing Week |
| 9 (RLIN) | 9825 |
| 942 ## - ADDED ENTRY ELEMENTS (KOHA) | |
| Koha item type | Περιοδικά Δημοσιεύματα |
| Τύπος τεκμηρίου | Βιβλιοθήκη | Τρέχουσα τοποθεσία | Barcode | Ημερομηνία απόκτησης | Ταξιθετικό σύμβολο | Αριθμός αντιτύπου | Αρίθμηση σειρών / χρονολογία | Κατάσταση απόσυρσης | Κατάσταση χαμένου | Κατάσταση κατεστραμμένου | Μη δανεισμός | Σύνολο δανεισμών | Ημερομηνία τελευταίας εμφάνισης | Η τιμή ισχύει από |
|---|---|---|---|---|---|---|---|---|---|---|---|---|---|---|
| Περιοδικά Δημοσιεύματα | MC Athens Campus Library | MC Athens Campus Library | 9780000093875 | 05/06/2025 | MARKETING WEEK | 1 | 1451 | 05/06/2025 | 05/06/2025 |